Estudis, informes i textos del Servei del Patrimoni Arquitectònic Local
Publicado:
Barcelona :
Diputació de Barcelona. Àrea de Cooperació. Servei del Patrimoni Arquitectònic Local ,
1996
Descripción Física:
384 p. : il. ; 21 x 29'7 cm
Colección:
Quaderns científics i tècnics ; 8
MARC
| LEADER | 00000nam a2200000Ia 4500 | ||
|---|---|---|---|
| 001 | 11505 | ||
| 008 | 160829s1996 xx 000 0 cat d | ||
| 080 | |a FOL-1-159 | ||
| 110 | |a Barcelona (Catalunya : Província). |b Servei de Patrimoni Arquitectònic Local |9 19202 | ||
| 245 | |a Estudis, informes i textos del Servei del Patrimoni Arquitectònic Local | ||
| 260 | |a Barcelona : |b Diputació de Barcelona. Àrea de Cooperació. Servei del Patrimoni Arquitectònic Local, |c 1996 | ||
| 300 | |a 384 p. : |b il. ; |c 21 x 29'7 cm | ||
| 490 | |a Quaderns científics i tècnics ; 8 | ||
| 650 | |a Barcelona. Diputació. Servei del Patrimoni Arquitectònic Local |x Memòries |9 30594 | ||
| 901 | |a Arxiu | ||
| 942 | |n 1 | ||
| 952 | |0 0 |1 0 |4 0 |6 FOL1159 |7 1 |9 45456 |a Arxiu |b Arxiu |d 2016-12-01 |l 0 |o FOL-1-159 |p 11505 |r 2016-12-01 00:00:00 |w 2016-12-01 |y ARXIU | ||
| 999 | |c 48621 |d 48621 | ||